Most Mentioned Enemies of Russia - Statistics

General Stats
  • This quiz has been taken 90,109 times
    64,733 since last reset
  • The average score is 11 of 15
Answer Stats
% Mentioned Country % Correct
60 United States
100%
29 United Kingdom
99%
35 Ukraine
93%
15 Germany
92%
7 Canada
85%
4 Japan
84%
26 Poland
80%
11 Estonia
63%
26 Latvia
62%
26 Lithuania
62%
4 Iran
59%
6 Iraq
53%
16 Georgia
52%
7 Afghanistan
49%
4 Syria
43%
No matching quizzes found
Score Distribution
Percent of People with Each Score
Percentile by Number Answered
Your Score History
You have not taken this quiz since the last reset